Rozpoznawalni siatkarze (w miarę łatwe) - Statystyki

Ogólne statystyki
  • Ten quiz został rozwiązany 497 razy
  • Średni wynik to 10 z 15
Statystyki odpowiedzi
Obrazkowy Odpowiedź % Poprawnych
Bartosz Kurek
100%
Wilfredo Leon
94%
Karol Kłos
90%
Fabian Drzyzga
88%
Jakub Kochanowski
87%
Piotr Nowakowski
85%
Bartosz Bednorz
79%
Bruno Rezende
57%
Ivan Zaytsev
51%
Georg Grozer
47%
Matthew Anderson
45%
Aleksandar Atanasijevic
40%
Nimir Abdel-Aziz
39%
Robertlandy Simon
37%
Osmany Juantorena
32%
Nie znaleziono quizów pasujących do podanych kryteriów
Rozkład punktacji
Procent ludzi z każdym wynikiem
Percentyl według liczby udzielonych odpowiedzi
Twoja historia wyników
Nie rozwiązałeś tego quizu